Viajeros solitarios / (Registro nro. 12620)
[ vista simple ]
| 000 -LIDER | |
|---|---|
| fixed length control field | 00751nam a22002537a 4500 |
| 003 - IDENTIFICACDOR DE NÚMERO DE CONTROL | |
| control field | DO-SdBPM |
| 005 - DATE AND TIME OF LATEST TRANSACTION | |
| control field | 20250226114609.0 |
| 008 - ELEMENTOS DE LONGITUD FIJA | |
| fixed length control field | 161031b2006 xxu a 1 00| 0 spa d |
| 020 ## - ISBN | |
| International Standard Book Number | 0765277549 |
| 040 ## - FUENTE DE CATALOGACIÓN | |
| Agencia que crea de manera original el registro | DO-SdBPM |
| Idioma de catalogación | spa |
| Agencia que realiza la transcripción | BPMSU |
| 082 #4 - NÚMERO DE CLASIFICACIÓN DECIMAL DE DEWEY | |
| Classification number | 919.4 |
| Item number | W461v 2006 |
| Edition number | 22 |
| 100 1# - ASIENTO PRINCIPAL -- NOMBRE PERSONAL | |
| Nombre personal | Wagner, Michael |
| 245 10 - MENCIÓN DE TITULO | |
| Título | Viajeros solitarios / |
| Mención de responsabilidad | Michael Wagner |
| 260 ## - PUBLICACIÓN, DISTRIBUCIÓN, ETC. (PIE DE IMPRENTA) | |
| Lugar de publicación, distribución, etc | Estados Unidos : |
| Nombre del editor, distribuidor, etc. | Pearson Learning Group , |
| Fecha de publicación, distribución, etc | 2006. |
| 300 ## - DESCRIPCIÓN FÍSICA | |
| Extensión | 32 p. : |
| Otros detalles físicos | il. ; |
| Dimensiones | 25 cm. |
| 490 0# - MENCIÓN DE SERIES | |
| Mención de serie | iOpeners |
| 500 ## - NOTA GENERAL | |
| Nota general | Incluye índice |
| 590 ## - NOTA LOCAL | |
| Texto de la nota local | Inventariado, 2025/VM |
| 651 #4 - ENCABEZAMIENTO DE MATERIA--NOMBRE GEOGRÁFICO | |
| Nombre geográfico | Australia |
| Subdivisión temática general | Descripciones y viajes |
| 651 #4 - ENCABEZAMIENTO DE MATERIA--NOMBRE GEOGRÁFICO | |
| Nombre geográfico | Australia |
| Subdivisión temática general | Geografía |
| 710 2# - ASIENTO SECUNDARIO -- NOMBRE CORPORATIVO | |
| Nombre corporativo o de jurisdicción | Celebration Press |
| 910 ## - VALIDACIÓN | |
| Validación | VMateo V. Control de calidad. BPMSU |
| 942 ## - ADDED ENTRY ELEMENTS (KOHA) | |
| Source of classification or shelving scheme | Dewey Decimal Classification |
| Koha item type | Libros |
| Withdrawn status | Lost status | Source of classification or shelving scheme | Damaged status | Not for loan | Collection code | Home library | Current library | Date acquired | Source of acquisition | Total Checkouts | Full call number | Barcode | Date last seen | Price effective from | Koha item type | Copy number |
|---|---|---|---|---|---|---|---|---|---|---|---|---|---|---|---|---|
| Dewey Decimal Classification | Colección Juvenil Dominicana | Biblioteca Pública Metropolitana Salomé Ureña | Biblioteca Pública Metropolitana Salomé Ureña | 10/16/2017 | Donado por el Despacho de la Primera Dama | BPMSU CJD 919.4 W461v 2006 | BPMSU17100037 | 10/16/2017 | 10/16/2017 | Libros | ||||||
| Dewey Decimal Classification | Colección Infantil General | Biblioteca Pública Metropolitana Salomé Ureña | Biblioteca Pública Metropolitana Salomé Ureña | 10/16/2017 | Donado por el Despacho de la Primera Dama | BPMSU CJD 919.4 W461v 2006 | BPMSU17100038 | 10/16/2017 | 10/16/2017 | Libros | e.2 | |||||
| Dewey Decimal Classification | Colección Juvenil General | Biblioteca Pública Metropolitana Salomé Ureña | Biblioteca Pública Metropolitana Salomé Ureña | 10/16/2017 | Donado por el Despacho de la Primera Dama | BPMSU CJD 919.4 W461v 2006 | BPMSU17100039 | 10/16/2017 | 10/16/2017 | Libros | e.3 |